| 000 -LEADER |
| fixed length control field |
00607nam a2200193 a 4500 |
| 001 - CONTROL NUMBER |
| control field |
:::00021491$&:&@@ |
| 003 - CONTROL NUMBER IDENTIFIER |
| control field |
OkBaRHE |
| 005 - DATE AND TIME OF LATEST TRANSACTION |
| control field |
20100402130859.0 |
| 008 - FIXED-LENGTH DATA ELEMENTS--GENERAL INFORMATION |
| fixed length control field |
s1962 j 000 0 eng u |
| 040 ## - CATALOGING SOURCE |
| Transcribing agency |
|
| 100 1# - MAIN ENTRY--PERSONAL NAME |
| Personal name |
Sanders, J. Oswald |
| 245 10 - TITLE STATEMENT |
| Title |
Spiritual maturity: |
| Remainder of title |
principles of spiritual growth for every believer |
| 250 ## - EDITION STATEMENT |
| Edition statement |
1969 paper back ed. |
| 260 ## - PUBLICATION, DISTRIBUTION, ETC. (IMPRINT) |
| Place of publication, distribution, etc |
Chicago IL |
| Name of publisher, distributor, etc |
Moody Press |
| Date of publication, distribution, etc |
1962 |
| 300 ## - PHYSICAL DESCRIPTION |
| Extent |
192 p. |
| 650 ## - SUBJECT ADDED ENTRY--TOPICAL TERM |
| Topical term or geographic name as entry element |
Spiritual formation |
| 942 ## - ADDED ENTRY ELEMENTS (KOHA) |
| Source of classification or shelving scheme |
|
| Koha item type |
Books |